000
00225nam a2200085Ia 4500
008
120527s9999 xx 000 0 und d
100
_a
Mecce, L.judith
245
_a
Children and Adolescent development for educators
942
_c
BK
999
_c
27394
_d
27394